000 01033nam a2200277Ia 4500
008 0000002006 mX ad 0000000000mul00
020 _a9681680693
090 _aPRU00 E52v
100 1 _aEmerich, Luis Carlos
_d1939.
245 1 0 _aVlady
_b: libreta de apuntes
_b: edición facsimilar = Sketchbook 1966
_b: facsimile edition
_c/ texto Luis Carlos Emerich ; traducción Carmen Testa Hager
300 _a136 p.
_c/ 24 cm.
440 _aColección Tezontle
500 _aTexto bilingue : español inglés \ Proyecto Ganador Programa Apoyos Concertados FGAA 2010
600 0 0 _aVLADY, 19202005/
_xTRABAJOS PICTORICOS
650 1 4 _aACUARELA
650 1 4 _aARTE CONTEMPORANEO RUSO
650 1 4 _aARTISTAS PLASTICOS RUSOS
650 1 4 _xCATALOGOS
650 1 4 _aDIBUJO A LAPIZ
650 1 4 _aDIBUJOS RUSOS
650 1 4 _aPINTORES RUSOS
650 1 4 _aPINTURA A TINTA CHINA
650 1 4 _aPINTURA RUSA
700 1 _aTesta Hager, Carmen
999 _c11816
_d11816
260 _aMéxico : Fondo de Cultura Económica; Galería Arvil
_c2006